| 000 | 00895nam a2200181Ia 4500 | ||
|---|---|---|---|
| 008 | 100921s9999 xx 000 0 und d | ||
| 082 |
_b6803 _a927 थ 86 |
||
| 100 | _aपेंडसे चिंतामण गोविंद.संपा.चिटणीस अशोक,चिटणीस शुभा. | ||
| 245 | _aकेशराचे शेत -नटवर्य मामा पेंडसे आ.च. | ||
| 260 |
_bश्रीविद्या प्रकाशन, पुणे. _c1986 |
||
| 300 |
_a223 _b--- |
||
| 365 | _b65 | ||
| 520 | _aचरित्रे-कलाकार. | ||
| 630 | _aकेशराचे शेत -नटवर्य मामा पेंडसे आ.च. | ||
| 650 | _aचरित्रे-कलाकार. | ||
| 730 | _aकेशराचे शेत -नटवर्य मामा पेंडसे आ.च. | ||
| 942 | _cBOOK | ||
| 999 |
_c755916 _d755913 |
||